[Event "American Continental-ch 2018"]
[Site "Montevideo"]
[Date "2018.06.07"]
[Round "8"]
[White "Tristan, Leonardo"]
[Black "Foisor, Sabina-Francesca"]
[Result "1-0"]
[WhiteElo "2459"]
[BlackElo "2301"]
[Annotator "TA"]
[PlyCount "117"]
[EventDate "2018.??.??"]
[EventType "swiss"]
[EventCountry "URU"]
[SourceTitle "playchess.com"]
[Source "ChessBase"]
[SourceQuality "1"]

{[%evp 15,117,34,45,60,70,78,79,77,76,68,96,54,166,162,153,136,207,207,205,214,218,208,213,220,217,211,227,257,252,232,230,249,223,206,225,231,228,194,241,212,213,188,171,149,268,265,268,265,310,254,329,312,364,337,343,337,335,346,328,328,356,341,450,424,508,514,508,502,458,437,683,450,449,421,688,534,706,673,1152,1078,1743,1595,1921,1776,1618,1558,1414,1401,29969,29969,29975,29975,29975,29976,29978,29979,29970,29969,29987,29988,29988,29989,29989,29990]} 1. d4 d5 2. c4 c6 3. cxd5 cxd5 4. Bg5 (4. Bf4 Nc6 5. e3 Nf6 6. Nc3 a6 7. Be2 e6 8. Rc1 Be7 9. h3 O-O 10. Nf3 b5 11. O-O Bb7 12. Bd3 Rc8 13. Qe2 Qa5 14. a3 b4 15. axb4 Nxb4 {1-0 (75) Li,C (2732)-Duda,J (2724) Liaocheng 2018}) 4... h6 5. Bh4 Nc6 6. Nc3 {D10: Slav Defence: 3 cxd5 (without early Nf3) and 3 Nc3} g5 7. Bg3 Bg7 8. e3 Nf6 {LiveBook: 3 Games} 9. Bd3 a6 10. Rc1 Be6 $146 ({Predecessor:} 10... Bd7 11. Nf3 b5 12. Ne5 {1-0 (56) Young,A (2381)-Stamnov,A (2239) Chicago 2008}) 11. h3 Rc8 12. Nf3 b5 13. Ne5 Nd7 ({Black should try} 13... Nxe5 $14 14. Bxe5 O-O) 14. Nxc6 $18 Rxc6 15. O-O Nb6 {[#]} (15... O-O $16) 16. Nxb5 $1 Rxc1 17. Qxc1 axb5 18. Bc7 {[%cal Bg3c7,Bc7b6,Bb6c5][%mdl 32]} Qd7 {Hoping for ...Nc4.} 19. Bxb6 O-O 20. Bc5 g4 21. hxg4 Bxg4 22. Qd2 Rb8 23. Qb4 Rb7 24. Qa5 Bf6 25. Rc1 Kg7 26. Qa6 b4 27. Bc2 Qb5 28. Qxb5 Rxb5 29. Bb3 e5 (29... e6 $16 30. Ba4 Rb7) 30. Bxd5 exd4 31. exd4 Be6 32. Bb3 Bxb3 33. axb3 {[%mdl 4096] Endgame KRB-KRB} Rb7 34. Rc4 Be7 35. Kf1 Kf6 36. Ke2 Ke6 37. Kd3 Bxc5 38. Rxc5 {KR-KR} ({Don't take} 38. dxc5 Kd5 $18) 38... Ra7 39. Rc6+ Kf5 40. Rxh6 Ra2 41. Kc2 Ra1 42. Rh5+ Ke6 (42... Ke4 $142 43. Rh4+ Kf5) 43. Re5+ Kd6 44. Rf5 Ke6 (44... Rg1 $142 45. g3 Ke6) 45. g4 Rg1 46. f3 {[%cal Bf2f3,Bf3f4][%mdl 32]} Rg2+ 47. Kd3 Rxb2 48. Kc4 Rd2 49. d5+ Kd6 50. f4 Rc2+ 51. Kxb4 f6 52. Rxf6+ {White mates.} Kxd5 53. g5 {[%cal Bg4g5,Bg5g6,Bg6g7][%mdl 32]} Rc8 54. g6 Kd4 55. g7 Rb8+ 56. Ka3 Kc3 57. Rf8 Rxb3+ 58. Ka4 Rb4+ 59. Ka5 {Precision: White = 81%, Black = 42%.} 1-0

[Event "American Continental-ch 2018"]
[Site "Montevideo"]
[Date "2018.06.07"]
[Round "8"]
[White "Sosa, Tomas"]
[Black "Grabinsky, Aaron"]
[Result "1-0"]
[WhiteElo "2453"]
[BlackElo "2296"]
[Annotator "TA"]
[PlyCount "57"]
[EventDate "2018.??.??"]
[EventType "swiss"]
[EventCountry "URU"]
[SourceTitle "playchess.com"]
[Source "ChessBase"]
[SourceQuality "1"]

{[%evp 11,57,26,30,0,22,16,20,18,19,12,28,31,43,45,75,76,74,71,74,57,58,45,45,8,84,92,307,295,275,283,263,270,367,339,301,245,501,499,577,570,1283,1283,5481,5389,2508,2571,1721,1491]} 1. e4 {[%cal Be2e4,Be4e5][%mdl 32]} c6 2. d4 d5 3. e5 Bf5 4. h4 h5 5. Bd3 Bxd3 6. Qxd3 e6 7. Bg5 {B12: Caro-Kann: Advance Variation} Be7 8. Nf3 Nh6 9. Nc3 {The position is equal.} Nf5 (9... Nd7 10. Ne2 c5 11. Nf4 cxd4 12. Nxh5 Qa5+ 13. Bd2 Qb6 14. Nxg7+ Kf8 {0-1 (41) Saric,I (2664)-Le,Q (2737) chess.com INT 2018}) 10. Ne2 Qa5+ 11. c3 Qa6 12. Qd2 Nd7 13. Bxe7 Nxe7 14. O-O c5 15. Ng3 $146 Qb6 16. Qg5 g6 17. Rfe1 Rc8 (17... Qxb2 $11 18. Rab1 Qxa2) 18. c4 $16 dxc4 $2 {[#]} (18... cxd4 $16 {was called for.} 19. cxd5 Nxd5) 19. Ne4 $18 Nf5 20. d5 O-O 21. Rad1 Rcd8 22. dxe6 Qxe6 {[#]} 23. Nxc5 $1 {[%mdl 512]} Qc6 $2 (23... Nxc5 {is a better defense.} 24. Rxd8 b5) 24. Ne4 {White is clearly winning.} Kg7 25. Nd6 Nh6 26. Nd4 Qb6 27. N4f5+ Nxf5 28. Nxf5+ Kg8 29. Rd6 {Precision: White = 73%, Black = 27%.} 1-0

[Event "American Continental-ch 2018"]
[Site "Montevideo"]
[Date "2018.06.07"]
[Round "8"]
[White "Roselli Mailhe, Bernardo"]
[Black "Coro, Lucas"]
[Result "1/2-1/2"]
[WhiteElo "2433"]
[BlackElo "2269"]
[Annotator "TA"]
[PlyCount "49"]
[EventDate "2018.??.??"]
[EventType "swiss"]
[EventCountry "URU"]
[SourceTitle "playchess.com"]
[Source "ChessBase"]
[SourceQuality "1"]

{[%evp 18,49,26,44,63,75,65,56,59,0,0,-26,-27,-64,-67,-98,0,0,-13,0,-4,-35,-32,-35,-31,-25,-39,-48,-20,-23,-37,-34,-13,-14]} 1. d4 Nf6 2. c4 e6 3. Nf3 d5 4. Nc3 dxc4 5. e3 a6 6. a4 b6 {D24: Angenommenes Damengambit} 7. Bxc4 Bb7 8. O-O Bb4 9. Qe2 Nbd7 (9... O-O 10. Rd1 Qe7 11. Na2 Bd6 12. Nc3 Bb4 13. Na2 Bd6 14. Nc3 {½-½ (14) Mamedyarov,S (2799)-Grischuk,A (2772) Huaian 2017}) 10. Bd3 {LiveBook: 16 Partien} O-O 11. e4 $1 {[%cal Be3e4,Be4e5][%mdl 32]} Be7 $146 ({Vorgänger:} 11... c5 12. e5 Ne8 13. Bg5 Bxf3 14. Qxf3 Qxg5 15. Qxa8 cxd4 {1-0 (27) Avalyan,A (2117)-Danielyan,V (2282) Moscow 2017}) 12. e5 Nd5 $1 13. Ne4 (13. Qe4 $14 g6 14. Bh6) 13... c5 $11 14. dxc5 Nxc5 15. Bb1 Nb3 16. Nd6 Nxc1 ({Günstiger ist} 16... Nxa1 $17 17. Nxb7 Qd7) 17. Qc2 {[%csl Gb1][%cal Rc2h7] [#]} g6 18. Nxb7 Qc8 19. Qxc1 Qxb7 20. Qh6 Rac8 21. Be4 Rc4 22. Rfe1 Rfc8 23. Ng5 Bxg5 $1 24. Qxg5 Qe7 25. Qxe7 {Precision: Weiß = 53%, Schwarz = 72%.} 1/2-1/2

[Event "American Continental-ch 2018"]
[Site "Montevideo"]
[Date "2018.06.07"]
[Round "8"]
[White "Campora, Daniel H"]
[Black "Larrea, Manuel"]
[Result "1-0"]
[WhiteElo "2424"]
[BlackElo "2268"]
[Annotator "TA"]
[PlyCount "63"]
[EventDate "2018.??.??"]
[EventType "swiss"]
[EventCountry "URU"]
[SourceTitle "playchess.com"]
[Source "ChessBase"]
[SourceQuality "1"]

{[%evp 24,63,10,10,26,14,29,18,33,16,14,0,0,0,0,0,0,0,0,0,83,65,63,80,99,116,201,207,203,203,265,245,255,255,341,328,395,385,391,375,351,288]} 1. e4 c5 2. Nf3 Nc6 3. Bb5 g6 4. Bxc6 dxc6 5. d3 Bg7 6. O-O Nf6 {[%cal Bg8f6,Bf6e8,Be8c7,Bc7e6][%mdl 32]} 7. h3 O-O 8. Nc3 {[%cal Bb1c3,Bc3e4,Be4g5,Bg5f7][%mdl 32]} b6 9. Re1 Ne8 10. e5 Nc7 11. Bd2 Ne6 12. Ne4 a5 {B31: Sizilianisch (Rossolimo-Variante)} 13. a4 {LiveBook: 5 Partien} Ba6 $146 ({Vorgänger:} 13... Qd5 14. Be3 Nd4 15. Bg5 Qd8 16. Bf4 Ra7 17. b3 h6 18. Nxd4 cxd4 19. Qd2 Kh7 20. Bg3 Be6 {½-½ (47) Tauber,H (2526)-Oreopoulos,K (2494) ICCF email 2015}) 14. b3 Nd4 {Die Stellung ist ausgeglichen.} 15. Neg5 Bc8 16. Nxd4 cxd4 17. e6 f6 18. Nf7 $36 {[%mdl 2048] Weiss steht aktiver.} Qd5 19. Qe2 c5 20. Qg4 Bb7 21. Re2 Rxf7 (21... Rac8 $11) 22. exf7+ $16 Kxf7 23. Rae1 e5 24. f4 Re8 (24... f5 $16 25. Qg3 Qe6) 25. fxe5 $18 Rxe5 26. Bf4 h5 27. Qg3 Rxe2 28. Rxe2 g5 29. Bb8 Bf8 30. Qc7+ {Weiß steht auf Gewinn.} Kg6 31. Qxb6 g4 32. Qe6 {Precision: Weiß = 87%, Schwarz = 43%.} 1-0

[Event "American Continental-ch 2018"]
[Site "Montevideo"]
[Date "2018.06.07"]
[Round "8"]
[White "Escalante Ramirez, Brian Sebasti"]
[Black "Curi, Gabriel"]
[Result "1-0"]
[WhiteElo "2422"]
[BlackElo "2141"]
[Annotator "TA"]
[PlyCount "107"]
[EventDate "2018.??.??"]
[EventType "swiss"]
[EventCountry "URU"]
[SourceTitle "playchess.com"]
[Source "ChessBase"]
[SourceQuality "1"]

{[%evp 15,107,6,14,0,16,30,16,0,5,0,45,36,50,48,74,61,65,69,62,64,62,63,71,0,63,48,36,42,55,0,0,0,0,0,0,0,-3,-1,0,0,15,15,16,8,15,4,0,0,0,-13,0,-26,-14,-14,-5,-15,0,0,0,0,43,32,112,144,144,80,184,195,209,229,752,729,784,573,977,997,873,960,1452,820,1260,1209,1414,1377,2319,1622,29983,29985,29983,29984,29996,29997,29997,913]} 1. e4 e6 2. d4 d5 3. Nc3 Bb4 4. e5 Ne7 5. a3 Bxc3+ 6. bxc3 c5 7. Qg4 Kf8 8. Bd2 Qe8 {LiveBook: 3 Games. C18: French: 3 Nc3 Bb4: Main line: 7 h4 and 7 Qg4} (8... Qc7 9. Bd3 b6 10. h4 Ba6 11. h5 h6 12. Rh3 Bxd3 13. cxd3 Nbc6 14. Qf4 Kg8 15. Ne2 Rf8 16. Kf1 Nf5 17. g4 Nfe7 {1-0 (42) Leko,P (2691)-Akobian,V (2647) Riadh 2017}) 9. dxc5 Nd7 (9... h5 $5 {[%cal Rh5g4]} 10. Qf4 Nd7 $11) 10. Nf3 Nxc5 {White has an edge.} 11. Bd3 (11. Qb4 {feels hotter.} b6 12. a4 Kg8 13. Be3 Nc6 14. Qa3) 11... Bd7 12. O-O Nxd3 $146 ({Predecessor:} 12... Rc8 13. Nd4 h5 14. Qg5 Qd8 15. Qe3 a6 16. f4 {½-½ (42) Rudolf,H (2361)-Boetzer,D (2286) Germany 2011}) 13. cxd3 h6 14. a4 b6 15. a5 bxa5 16. Rxa5 Nc6 17. Ra6 Kg8 18. Rfa1 Kh7 19. R6a4 (19. Qf4 $16) 19... Kg8 (19... a5 $11) 20. h3 a5 21. Qf4 Qd8 22. Qg3 (22. R4a3 $14) 22... Ne7 $11 23. R4a3 a4 24. Qf4 Qc7 25. c4 dxc4 26. dxc4 Ng6 27. Qd4 Kh7 28. Bb4 Rhc8 29. Rc1 Bc6 30. Bd6 Qb7 31. Ne1 Kg8 32. Rca1 Rd8 33. Qc5 Rac8 34. Qd4 Ne7 35. g4 Ra8 36. Kh2 Nc8 37. Nd3 Nxd6 38. exd6 Qb8 (38... f6 $14) 39. c5 $16 f6 40. f4 (40. Nb4 $142 Bb5 41. Re3) 40... Ra5 {[#]} (40... Qb5 $16) 41. g5 $1 $18 {[%mdl 512]} hxg5 (41... fxg5 42. fxg5) 42. fxg5 Rf8 $2 (42... Rxc5 43. Qxc5 Rxd6) 43. g6 {White threatens Qh4 and mate.} Rb5 44. Rxa4 Rb3 {...Rxd3 is the strong threat.} 45. R4a2 {White wants to mate with Qh4.} Be8 46. Rg1 Qb5 47. Nf4 {[%cal Bd3f4,Bf4d5,Bd5e7][%mdl 32]} Rb4 48. Qe3 e5 49. Nd5 {Ne7+ would kill now.} Rh4 50. Ra8 Qb7 51. Ne7+ {White mates.} Kh8 52. Rd8 Rd4 {[#]} 53. Qh6+ $1 {[%mdl 512]} gxh6 54. g7+ {Precision: White = 61%, Black = 34%.} 1-0

[Event "American Continental-ch 2018"]
[Site "Montevideo"]
[Date "2018.06.07"]
[Round "8"]
[White "Pierrot, Facundo"]
[Black "Jodorcovsky Werjivker, Paulo"]
[Result "0-1"]
[WhiteElo "2392"]
[BlackElo "2249"]
[Annotator "TA"]
[PlyCount "142"]
[EventDate "2018.??.??"]
[EventType "swiss"]
[EventCountry "URU"]
[SourceTitle "playchess.com"]
[Source "ChessBase"]
[SourceQuality "1"]

{[%evp 12,142,38,27,36,31,35,25,28,27,34,30,24,22,27,31,36,7,46,41,45,40,74,76,80,84,82,61,108,61,72,27,29,22,22,18,27,25,42,26,29,7,10,9,39,27,30,13,49,34,35,13,12,5,7,0,0,-36,0,-19,-5,-33,-34,-191,-166,-168,-194,-235,-244,-381,-400,-348,-160,-210,-204,-216,-212,-244,-247,-397,-229,-220,-126,-124,-108,-258,-141,-143,-139,-143,-42,-62,-64,-108,-135,-156,-160,-212,-195,-255,-253,-309,-222,-464,-458,-454,-426,-455,-438,-463,-466,-439,-315,-294,-290,-328,-242,-238,-26,-237,-237,-237,-233,-217,-206,-243,-247,-255,-213,-349,-233,-1845,-1114]} 1. e4 c5 2. Nf3 e6 3. d4 cxd4 4. Nxd4 a6 5. Bd3 Bc5 6. Nb3 Ba7 7. c4 (7. Qe2 {seems wilder.} d6 8. O-O Nf6 9. c4 e5 10. Be3) 7... d6 {B42: Sicilian: Kan Variation: 5 Bd3} 8. Qe2 (8. O-O Nf6 9. Nc3 e5 10. Be3 Bxe3 11. fxe3 Be6 12. Be2 Qb6 13. c5 dxc5 14. Na4 Qa7 15. Nbxc5 {1-0 (52) Naiditsch,A (2715)-Kamsky,G (2681) Bilbao 2014}) 8... Ne7 9. O-O Nbc6 {White has an edge.} 10. Be3 e5 11. Bxa7 Rxa7 12. Nc3 O-O 13. Rfd1 Be6 14. Nd5 Ng6 15. Qe3 a5 16. Rac1 a4 17. Na1 Ra8 $146 18. Nc2 Bxd5 19. cxd5 Nce7 20. g3 f5 21. exf5 Nxf5 22. Bxf5 Rxf5 23. Qe4 Qf6 24. Ne3 $1 Rf3 25. Ng4 Qf7 26. Rd3 (26. Rc3 {is interesting.} Rf5 27. Qc2 Rf8 28. Rc7 Ne7 29. Rd2) 26... Rxd3 27. Qxd3 h5 28. Ne3 Rf8 29. Rc2 Qf6 30. Qe4 b5 31. h4 Ne7 32. Kg2 g6 33. f3 Nf5 34. Rf2 Nd4 35. f4 Kg7 36. Rf1 Nf5 37. Nd1 $2 (37. Nxf5+ $15 Qxf5 38. Qb4) 37... exf4 $1 $19 38. Rxf4 {[#]} Nxh4+ $1 {[%mdl 512]} 39. Kh3 (39. Rxh4 Qf1+) 39... Nf5 40. Qd3 (40. Ne3 $142 Qe5 41. Qxe5+ dxe5 42. Nxf5+ gxf5 43. Rh4) 40... Qg5 41. Nf2 {[#]} Kg8 (41... h4 $1 $19 {[%cal Rh4g3][%mdl 512] is more deadly.} 42. Rg4 (42. gxh4 Qxf4) 42... Qc1 43. gxh4 Qe3+ 44. Qxe3 Nxe3) 42. Ne4 Qe7 $1 43. Rf2 Qe5 $1 44. Nc3 b4 45. Nxa4 (45. Ne4 $142) 45... Re8 (45... g5 $142 46. Re2 Qf6) 46. Nb6 Qe3 ({Better is} 46... Qf6 $19 47. Qc4 Re3) 47. Qxe3 $17 Rxe3 {[%mdl 4096] Endgame KRN-KRN} 48. Rg2 (48. Kh2 $17 {was called for.}) 48... Rd3 (48... h4 $1 $19 {[%cal Rh4g3]} 49. Nc4 Rd3) 49. Kh2 Ne3 50. Re2 Nxd5 (50... Kg7 $17 {Threatens to win with ...Nf1+.} 51. Nc8 Nf5) 51. Nc4 $1 $15 Nf6 52. Kg2 Ng4 53. a4 bxa3 $1 54. Nxa3 (54. bxa3 $17 d5 55. Ne5 Nxe5 56. Rxe5) 54... d5 55. Nb1 (55. Nc2 $142) 55... Ne3+ 56. Kf3 Nc4+ 57. Kf4 $2 (57. Kf2 {might work better.}) 57... Kf7 $19 58. g4 {Now gxh5 and White clings on.} Rd4+ 59. Kf3 Rxg4 60. b3 Nd6 61. Nc3 Rb4 62. Nxd5 Rxb3+ 63. Kf4 Nf5 64. Ra2 Rb7 $2 (64... Kg7 $19 {And now ...Kh6 would win.} 65. Ra1 Kh6) 65. Ra6 $2 {[#]} (65. Kg5 $11) 65... Ne7 $1 {[%cal Re7d5]} 66. Nc3 Kg7 67. Ne4 Rd7 68. Nc5 Rd5 69. Ne6+ {[#]} Kh6 $1 70. Ra7 (70. Ra8 $142 g5+ 71. Ke4) 70... Rf5+ 71. Ke4 $2 (71. Kg3 Nd5 72. Ra5) 71... Nc6 {Precision: White = 44%, Black = 53%.} 0-1

[Event "American Continental-ch 2018"]
[Site "Montevideo"]
[Date "2018.06.07"]
[Round "8"]
[White "Bick, Gabriel"]
[Black "Teixeira, Ricardo da Silva"]
[Result "1-0"]
[WhiteElo "2391"]
[BlackElo "2235"]
[Annotator "TA"]
[PlyCount "69"]
[EventDate "2018.??.??"]
[EventType "swiss"]
[EventCountry "URU"]
[SourceTitle "playchess.com"]
[Source "ChessBase"]
[SourceQuality "1"]

{[%evp 18,69,95,87,371,366,372,371,371,371,374,370,364,374,436,431,428,427,491,484,479,479,493,500,494,486,556,551,601,594,586,562,1137,747,740,484,484,480,519,489,490,492,483,464,620,630,617,623,662,654,804,791,811,827]} 1. e4 e6 2. d4 d5 3. Nd2 Nf6 4. e5 Nfd7 5. Bd3 c5 6. c3 Nc6 7. Ne2 {[%cal Bg1e2,Be2f4,Bf4g6][%mdl 32]} f6 8. Nf4 Qe7 9. Nf3 {C06: French Tarrasch: 3...Nf6 4 e5 Nfd7 5 Bd3 main lines} (9. exf6 Nxf6 10. Nf3 cxd4 11. cxd4 Qb4+ 12. Bd2 Qxb2 13. O-O Be7 14. Rb1 Qa3 15. Rb3 Qd6 16. Qb1 Ne4 17. Bxe4 dxe4 18. Qxe4 {1-0 (28) Pruijssers,R (2490)-Maenhout,T (2392) Belgium 2016}) 9... fxe5 10. dxe5 {LiveBook: 3 Games} g6 $2 {[%mdl 8192] [#]} (10... Ncxe5 $16 {was worth a try.} 11. Nxe5 Nxe5) 11. Nxg6 $146 {[%mdl 512] White is winning.} ({Predecessor:} 11. Qe2 Bg7 12. Bxg6+ hxg6 13. Nxg6 Qf7 14. Nxh8 Bxh8 15. Ng5 Qg6 16. f4 Nb6 {½-½ (32) Lingur,Z (2099)-Begjanyan,H (2099) Gorodovikovsk 2016}) 11... Qg7 (11... hxg6 12. Bxg6+) 12. Nxh8 Ndxe5 13. O-O Nxd3 14. Qxd3 Qxh8 15. Re1 Bd7 16. Qxd5 {White is clearly winning.} O-O-O 17. Qe4 Bd6 18. Bf4 Bxf4 19. Qxf4 Rf8 20. Qe3 Qg7 21. Rad1 b6 22. Rd6 Kc7 23. Red1 Bc8 24. Qe4 Nd8 25. Qa4 a6 26. Qh4 {[%cal Rd6d8]} Nb7 27. R6d3 e5 28. Qg5 Qxg5 29. Nxg5 h6 30. Rf3 Rg8 31. Rf7+ Kb8 32. Ne4 Be6 33. Rf6 Bxa2 34. Rxb6 Ka7 35. Rxh6 {Precision: White = 75%, Black = 27%.} 1-0

[Event "American Continental-ch 2018"]
[Site "Montevideo"]
[Date "2018.06.07"]
[Round "8"]
[White "Ruiz Castillo, Joshua Daniel"]
[Black "Morovic Fernandez, Ivan"]
[Result "*"]
[WhiteElo "2378"]
[BlackElo "2513"]
[Annotator "TA"]
[PlyCount "50"]
[EventDate "2018.??.??"]
[EventType "swiss"]
[EventCountry "URU"]
[SourceTitle "playchess.com"]
[Source "ChessBase"]
[SourceQuality "1"]

{[%evp 16,50,39,21,116,33,45,-12,46,25,33,-4,0,-6,0,-6,47,-9,1,0,85,0,72,65,46,-132,39,9,178,-13,60,20,60,-173,12,-32,78]} 1. e4 e5 2. Nf3 Nc6 3. Bb5 a6 4. Ba4 Nf6 5. O-O Be7 6. Re1 b5 7. Bb3 d6 8. c3 O-O 9. d4 {LiveBook: 3164 Games} Nb8 {C91: Closed Ruy Lopez: 7...d6 8 c3 0-0 9 d4} (9... Re8 $11) (9... Bg4 10. Be3 exd4 11. cxd4 Na5 12. Nbd2 Nxb3 13. axb3 c5 14. Qc2 Nd7 15. e5 cxd4 16. Bxd4 dxe5 17. Nxe5 Nxe5 18. Bxe5 Re8 19. Bc3 {0-1 (84) Fedoseev,V (2718)-Carlsen,M (2837) Riadh 2017}) 10. Nbd2 (10. dxe5 $16 dxe5 11. Qxd8 (11. Nxe5 Qxd1 12. Rxd1 c5 $16) 11... Bxd8 12. Nxe5) 10... Nbd7 11. d5 (11. Nf1 $14) 11... c5 (11... Bb7 $11) 12. Bc2 c4 13. Nf1 Qc7 $146 ({Predecessor:} 13... Nc5 14. Ng3 g6 15. Be3 {0-1 (32) Cunha,E (2228)-Maia,J (2193) Rio de Janeiro 2006}) 14. Ng3 a5 15. Nh4 Nc5 (15... g6 $11) 16. Nf3 (16. Nhf5 $14) 16... g6 17. Bh6 $36 {[%mdl 2048] Black is under pressure.} b4 (17... Rd8 $11) 18. Nd2 ({White should try} 18. Bxf8 $16 Bxf8 19. Nd2) 18... Re8 (18... bxc3 $11 {keeps the balance.} 19. bxc3 (19. Nxc4 cxb2 20. Nxb2 Rd8 $11) 19... Re8) 19. cxb4 axb4 {[#] Threatens to win with ...Ng4.} 20. Rc1 $2 (20. Nxc4 $14 Ba6 21. Ne3) 20... Qa5 $2 ({Don't play} 20... Rxa2 21. Nxc4 Ba6 22. Bb1 $11) (20... Ng4 $17 {And now ...c3 would win.} 21. Be3 Nxe3 22. fxe3 Rxa2 23. Nxc4 h5) 21. Bb1 Na4 $2 (21... c3 $11 {and Black is okay.} 22. bxc3 bxc3) 22. b3 $2 (22. Nxc4 $18 Qa6 23. h3) 22... Nc3 (22... cxb3 $11 23. axb3 (23. Nxb3 Qb6 $11) 23... Nc3) 23. Qf3 (23. Nxc4 $5 {[%cal Rc1c3]} Qa7 24. Qf3 $14) 23... Nxb1 24. Nxb1 $2 {[#]} (24. Nxc4 $14 {is the one way to stay ahead.} Bg4 25. Qd3 Qxa2 26. Rxb1) 24... Qxa2 $2 ({Better is} 24... c3 $19 {aiming for ...Ng4.} 25. a3 Ng4) 25. bxc4 Nd7 {Precision: White = 13%, Black = 11%.} (25... Bg4 $15 {stays ahead.} 26. Qe3 Bd7) *

[Event "American Continental-ch 2018"]
[Site "Montevideo"]
[Date "2018.06.07"]
[Round "8"]
[White "Lujan, Carolina"]
[Black "Borges, Guilherme Deola"]
[Result "1-0"]
[WhiteElo "2341"]
[BlackElo "2219"]
[Annotator "RC"]
[PlyCount "73"]
[EventDate "2018.??.??"]
[EventType "swiss"]
[EventCountry "URU"]
[SourceTitle "playchess.com"]
[Source "ChessBase"]
[SourceQuality "1"]
[TimeControl "40/5400+30:1800+30"]

1. e4 {[%emt 0:03:48]} c5 {[%emt 0:00:07]} 2. Ne2 {[%emt 0:00:25]} Nc6 {[%emt 0:00:24]} 3. Nbc3 {[%emt 0:00:09]} e6 {[%emt 0:01:06]} 4. g3 {[%emt 0:00:20]} a6 {[%emt 0:01:12]} 5. Bg2 {[%emt 0:01:28]} d6 {[%emt 0:09:11]} 6. O-O {[%emt 0:00:28]} Nf6 {[%emt 0:01:28]} 7. d3 {[%emt 0:06:39]} Be7 {[%emt 0:00:46]} 8. h3 {[%emt 0:00:19]} Qc7 {[%emt 0:06:40]} 9. Be3 {[%emt 0:03:17]} b5 {[%emt 0:04:47]} 10. f4 {[%emt 0:03:49]} Bb7 {[%emt 0:03:45]} 11. a3 {[%emt 0:09:46]} O-O {[%emt 0:25:14]} 12. g4 {[%emt 0:02:19]} b4 {[%emt 0:03:16]} 13. Na4 {[%emt 0:03:56]} Nd7 {[%emt 0:00:56]} 14. g5 {[%emt 0:07:44]} Nd8 {[%emt 0:06:11]} 15. Ng3 {[%emt 0:06:37]} f5 {[%emt 0:09:56]} 16. Qe2 {[%emt 0:09:39]} Bc6 {[%emt 0:03:56]} 17. exf5 {[%emt 0:04:13]} exf5 {[%emt 0:01:01]} 18. axb4 {[%emt 0:00:11]} cxb4 {[%emt 0:01:09]} 19. Bd4 {[%emt 0:04:39]} Bxg2 {[%emt 0:03:04]} 20. Qxg2 {[%emt 0:04:48]} Qb7 {[%emt 0:09:12]} 21. Qe2 {[%emt 0:02:31]} Nc6 {[%emt 0:01:32]} 22. Qe6+ {[%emt 0:01:34]} Kh8 {[%emt 0:00:07]} 23. Qd5 {[%emt 0:01:09]} Nc5 {[%emt 0:00:43]} 24. Bxc5 {[%emt 0:08:05]} dxc5 {[%emt 0:00:02]} 25. Nxf5 {[%emt 0:01:04]} Rad8 {[%emt 0:02:58]} 26. Qe4 {[%emt 0:00:27]} Rxf5 {[%emt 0:00:10]} 27. Qxf5 {[%emt 0:00:20]} Nd4 {[%emt 0:00:05]} 28. Qe4 {[%emt 0:02:04]} Qd7 {[%emt 0:00:07]} 29. Qg2 {[%emt 0:01:11]} b3 {[%emt 0:00:50]} 30. cxb3 {[%emt 0:01:58]} Nxb3 {[%emt 0:00:51]} 31. Rae1 {[%emt 0:00:15]} Bf8 {[%emt 0:02:57]} 32. Nc3 {[%emt 0:00:24]} c4 {[%emt 0:01:54]} 33. dxc4 {[%emt 0:01:50]} Nd2 {[%emt 0:00:11]} 34. Rd1 {[%emt 0:01:01]} Bc5+ {[%emt 0:00:06]} 35. Kh1 {[%emt 0:00:54]} Be3 {[%emt 0:00:43]} 36. Ne4 {[%emt 0:03:43]} Qf5 {[%emt 0:00:11]} 37. Nxd2 {[%emt 0:00:16]} 1-0

[Event "American Continental-ch 2018"]
[Site "Montevideo"]
[Date "2018.06.07"]
[Round "8"]
[White "Colas, Joshua"]
[Black "Mafra, Kaiser Luiz"]
[Result "1-0"]
[WhiteElo "2285"]
[BlackElo "2116"]
[Annotator "TA"]
[PlyCount "85"]
[EventDate "2018.??.??"]
[EventType "swiss"]
[EventCountry "URU"]
[SourceTitle "playchess.com"]
[Source "ChessBase"]
[SourceQuality "1"]

{[%evp 14,85,31,14,26,25,100,82,76,64,65,77,56,46,46,45,51,50,52,50,52,45,70,45,52,44,108,45,69,49,43,54,91,86,88,75,61,53,72,66,127,132,151,150,143,144,170,217,259,245,257,236,202,87,210,206,195,195,911,879,5517,5388,2162,1904,29975,29976,29974,29977,29977,29972,12226,29962,5676,5095]} 1. d4 Nf6 2. c4 g6 3. Nc3 Bg7 4. e4 d6 5. f3 O-O 6. Be3 c6 7. Nge2 a6 8. a4 {LiveBook: 19 Partien. E81: Königsindisch (Sämisch-Angriff)} (8. c5 b5 9. cxd6 exd6 10. Nf4 Re8 11. Be2 b4 12. Na4 Nd5 13. Bc1 Nb6 14. Nxb6 Qxb6 15. Be3 d5 16. Qd3 dxe4 17. fxe4 {1-0 (61) Carlsen,M (2881)-Grischuk,A (2792) Dubai 2014}) 8... e5 9. d5 c5 (9... a5 $11) 10. a5 $146 {Weiß steht besser.} ({Vorgänger:} 10. g4 Bxg4 11. fxg4 Nxg4 12. Qd2 Qh4+ 13. Kd1 f5 14. Bg5 Qf2 15. Kc2 f4 {1-0 (64) Filip,M (2041)-Turek,L (1910) Murska Sobota 2007}) 10... Ne8 11. g3 f5 12. exf5 gxf5 13. Qd2 Nd7 14. Bg2 b5 15. axb6 Nxb6 16. b3 Nf6 17. O-O Ra7 18. h3 h5 19. Bg5 Rff7 ({Besser ist} 19... Qe8 $14) 20. f4 ({Lieber} 20. g4 $16) 20... e4 $14 21. g4 (21. Ra2 {with more complications.} Qf8 22. Nd1 Rfb7 23. Ne3 Nh7 24. Rb1) 21... hxg4 22. hxg4 fxg4 23. Nxe4 Qf8 24. Nxf6+ (24. Rae1 {is more complex.} Nh5 25. N4c3 Bf5 26. Be4 Bxc3 27. Nxc3 Ng3 28. Rf2) 24... Bxf6 25. Bxf6 Rxf6 26. Ng3 Bf5 (26... Qh6 $14) 27. Be4 Bxe4 28. Nxe4 Rh6 29. Ng5 Qf6 30. Rae1 Nd7 31. Re6 Qh8 {[#] Und ...Th1+ würde nun gewinnen.} 32. Rxh6 Qxh6 33. Qe2 (33. Re1 $18) 33... Nf8 (33... Rb7 $16) 34. Qxg4 $18 Rg7 35. Re1 Qf6 $2 (35... Rg6 36. Re8 Qg7) 36. Re8 Qa1+ 37. Kg2 {[#] Weiss will mit De6+ Matt setzen.} Qb2+ 38. Kh3 {jetzt De6+ und aus.} Qxb3+ 39. Kh4 Qb7 40. Qe6+ Rf7 41. Qxf7+ Qxf7 42. Nxf7 Kxf7 43. Ra8 {Precision: Weiß = 62%, Schwarz = 40%.} 1-0